000 00599nam a2200229Ia 4500
003 OSt
005 20220918203424.0
006 a|||||r|||| 00| 0
007 ta
008 220917b |||||||| |||| 00| 0 eng d
024 _a108,188
037 _cTextual
040 _aARTS
_cARTS
_beng
041 _2eng
_aeng
082 _aV4313:1:N1, K6-;1(SL)
100 _aFall Bernard B
_9108498
245 0 _aVietnam witness 1953-1966
260 _aNA
_bNA
_c1966
650 _aHISTORY
942 _hV4313:1:N1, K6-;1(SL)
_cTEXL
_2CC
999 _c231542
_d231542